Responses for show #4698 - Wednesday, January 26, 2005

2005 Teen Tournament quarterfinal game 1.

Contestants

Jimmy Li, a senior from Chesterfield, Missouri

Vanamali Compton, a junior from Clarkdale, Arizona

Michael Braun, a junior from Silver Spring, Maryland

Jeopardy! Round responses

AT THE ART MUSEUM
STATE THE COLLEGE TEAM
(Alex: We want you to name the state where these division 1-A teams will play.)
BIRTHSTONES
PARTYING LIKE IT WAS 1999
TEENS AT WORK
"SAT"s
    $200 7
a flash

Vanamali
    $200 17
Florida

Jimmy
    $200 16
diamond

Jimmy
    $200 22
The Prisoner of Azkaban

Vanamali
    $200 6
Hans Christian Andersen

Jimmy
    $200 1
satin

Michael
    $400 8
(Jimmy: What is a wing?)

a gallery

VanamaliJimmy
    $400 18
Texas

Jimmy
    $400 23
a pearl

Michael
    $400 27
Panama

Michael
    $400 12
(Vanamali: What is the English Open?)
...
(Alex: Flushing Meadows, New York.)

U.S. Open

VanamaliJimmy
    $400 2
saturated

Jimmy
    $600 9
antiquities

Michael
    $600 19
Arizona

Jimmy
    $600 24
the amethyst

Vanamali
    $600 28
Nelson Mandela

Jimmy
    $600 13
Benjamin Franklin

Jimmy
    $600 3
satire

Vanamali
    $800 10
the catalog

Triple Stumper
    $800 20
(Vanamali: What is California?)

New York

VanamaliJimmy
    $800 25
aquamarine

Michael
    $800 29
Jordan

Michael
    $800 14
John Philip Sousa

Jimmy
    $800 4
(Vanamali: What is a sashay?)

a satchel

Vanamali
Triple Stumper
    $1,000 11
Amsterdam

Michael
    $1000 21
Arkansas

Jimmy
    $1000 26
the sapphire

Vanamali
    $1000 30
(Jimmy: Who is...)

(Jesse) Ventura

MichaelJimmy
    $1000 15
Manhattan

Michael
    $1000 5
satisfaction

Michael

Scores at the first commercial break (after clue 15):

Michael Vanamali Jimmy
$3,800 $0 $2,000

Scores at the end of the Jeopardy! Round:

Michael Vanamali Jimmy
$7,200 $1,000 $4,800

Double Jeopardy! Round responses

19th CENTURY LITERARY QUOTES
RADIO DISNEY TOP 30
I'M GETTING SPACED OUT!
YOU'VE GOT COMPANY
RELIGIOUS PLACES
WORD & PHRASE ORIGINS
    $400 7
(Ebenezer) Scrooge

Michael
    $400 12
Hilary Duff

Michael
    $400 21
a comet

Michael
    $400 26
Campbell's

Vanamali
    $400 6
pilgrims

Jimmy
    $400 1
abacus

Vanamali
    $1,000 8
Uncle Tom's Cabin

Michael
    $800 13
Kelly Clarkson

Michael
    $800 22
satellite

Vanamali
    $800 27
Reese's

Jimmy
    $800 16
abbey

Jimmy
    $800 2
Shakespeare

Vanamali
    $1200 9
the Nautilus

Michael
    $1200 14
Drama Queen

Michael
    $1200 23
(Vanamali: What is Saturn?)

Jupiter

MichaelVanamali
    $1200 28
Lego

Vanamali
    $1200 17
the sunrise

Vanamali
    $1200 3
(Alex: Temblor is an earthquake, so the verb is [*].)

quake

Triple Stumper
    $1600 10
Annabelle Lee

Jimmy
    $1600 15
Yellowcard

Jimmy
    $1600 24
Aquarius

Michael
    $1600 29
Nintendo

Michael
    $1600 18
(Jimmy: What is Medina?)

Mecca

VanamaliJimmy
    $1600 4
jargon

Michael
    $2000 11
(Michael: Who was The Man in the Iron Mask?)

Edmond Dantes (The Count of Monte Cristo)

MichaelJimmy
    $2000 20
Avril Lavigne

Michael
    $2,000 25
carbon dioxide

Michael
    $2000 30
(Jimmy: What is Jaguar?)

Caterpillar

Jimmy
Triple Stumper
    $2000 19
the Ganges

Jimmy
    $2000 5
Hammurabi

Michael

Scores at the end of the Double Jeopardy! Round:

Michael Vanamali Jimmy
$22,600 $6,200 $10,400
(lock game)

Final Jeopardy! Round responses

LANDMARKS
VanamaliWhat is the Capitol building?
$400
JimmyWhat is the capitol building of the Confederacy
$2,100
MichaelWhat is the Houston Astrodome?
$1,000
Monticello

Final scores:

Michael Vanamali Jimmy
$21,600 $5,800 $8,300
Automatic semifinalist 3rd place: $2,500 + a computer package if eliminated 2nd place: $2,500 + a computer package if eliminated

Game dynamics:

Coryat scores:

Michael Vanamali Jimmy
$22,400 $6,200 $10,400
24 R
(including 3 DDs),
1 W
13 R,
4 W
19 R,
4 W

Combined Coryat: $39,000

The J! Archive is created by fans, for fans. The Jeopardy! game show and all elements thereof, including but not limited to copyright and trademark thereto, are the property of Jeopardy Productions, Inc. and are protected under law. This website is not affiliated with, sponsored by, or operated by Jeopardy Productions, Inc. Join the discussion at JBoard.tv.